000 00312nam a2200097Ia 4500
082 _a775 ROSC
245 0 _aDigital photography manual : creating better pictures from camera to computer
100 _a ROSCH, Winn L. Sparkford, UK, 2003
_975568
942 _cBK
008 210817s9999 xx 000 0 und d
999 _c250124
_d250123